000 00747nam a2200121Ia 4500
008 220615s9999||||xx |||||||||||||| ||und||
100 _ade Bruin, Andreas
245 0 _aMindfulness and Meditation at University
_b10 Years of the Munich Model
546 _aEnglish[eng]
650 _aMindfulness||Meditation||Awareness||Meditation Diaries||Self||Soul||Mind||Loving Kindness||Compassion||Intellect||Intuition||Education||University||Paradigm Shift||Body||Life||Philosophical Counseling||Art of Living||Theory of Education||Social Pedagogy||Pedagogy||Guidebook||Introduction
856 _uhttps://library.oapen.org/bitstream/20.500.12657/48865/1/9783839456965.pdf||https://library.oapen.org/bitstream/20.500.12657/48865/1/9783839456965.pdf
942 _cEB
999 _c8583
_d8583